000
00229 a2200097 4500
001
30387
100
_a
HAR, W D E Camare
245
_a
The collected poems of W De Camare
260
_a
London
_b
Clarendon
_c
090
_c
20339
_d
20339
942
_a
NUST-CAE
_c
M
_c
11491
999
_c
265460
_d
265460